000 00819nam a22002177a 4500
999 _c16392
_d16392
003 AR-CdUCM
008 190503b ||||| |||| 00| 0 spa d
040 _aMUNICIPALIDAD PROVINCIAL DEL CUSCO
_cBIBLIOTECA MUNICIPAL DEL CUSCO
082 _a146 /
_bC28
100 _aCaso, Antonio
_935815
245 _aPositivismo, neopositivismo y fenomenología /
260 _aMéxico :
_bCentro de estudios filosóficos de la facultad de filosofía y letras,
_c1941.
300 _a123 páginas ;
_c19 cm.
440 _aColección de monografias filosóficas
_935816
505 _aContenido: Obras del prof. Antonio Caso -- Primera conferencia -- Segunda conferencia...
650 _aFilosofía
_9395
650 _aMéxico
_918
650 _aTeoría del conocimiento
_914467
942 _2ddc
_cLIBROS
945 _adavv
_d03/05/2019